000 00839nas a2200265 4500
001 BR9201310
003 BR-BrBNA
005 20231205092402.0
007 ta
008 230509b bl.|||p| |||| 00| 00por d
040 _aBR-BrBNA
_bpor
_cBiblioteca Nacional de Agricultura
041 _a(Pt)
072 _aL53
100 1 _aDefine, R.M.
100 1 _aMuniz, L.M.R.
100 1 _aSatrapa, R.
245 1 _aDeterminacao das concentracoes sericas de triiodotironina, tiroxina e indice T4(D)-T3 (Ria)em femeas gestantes de bovinos da raca fleck-vieh
650 _aBOVINO
650 _aPRENHEZ
650 _aTIREOIDE
650 _aMEDICAMENTO
773 0 _tRevista Brasileira de Reproducao Animal (Brazil)
_xISSN 0102-0803
_g(1979), v. 3(3) p. 27-28
_wBR9201310
909 _a202311
_bLúcia
_c55
_dLúcia Elande
942 _2AGRIS
_n0
_cANA
999 _c131335
_d131335